مكتبة جامعة عجلون الوطنية

فهرس بحث المكتبة

Normal view MARC view
  • إعداد: القصير، سليمان بن عبد الله بن عبد العزيز

Entry Personal Name

Number of records used in: 1

001 - CONTROL NUMBER

  • control field: 30694

003 - CONTROL NUMBER IDENTIFIER

  • control field: JO-AjAnu

005 - DATE AND TIME OF LATEST TRANSACTION

  • control field: 20230606075157.0

008 - FIXED-LENGTH DATA ELEMENTS

  • fixed length control field: 230606|| aca||aabn | a|a d

040 ## - CATALOGING SOURCE

  • Original cataloging agency: JO-AjAnu
  • Transcribing agency: JO-AjAnu

100 ## - HEADING--PERSONAL NAME

  • Personal name: إعداد: القصير، سليمان بن عبد الله بن عبد العزيز

670 ## - SOURCE DATA FOUND

  • Source citation: Work cat.: (JO-AjAnu)15766: إعداد: القصير، سليمان بن عبد الله بن عبد العزيز, author, أحكام الدين دراسة حديثية فقهية